AGT Winners - Statistics

General Stats
  • This quiz has been taken 46 times
  • The average score is 5 of 15
Answer Stats
Season Answer % Correct
Season 12 Darci Lynn Farmer
73%
Season 14 Kodi Lee
70%
Season 11 Grace VanderWaal
52%
Season 13 Shin Lim
48%
Season 10 Paul Zerdin
39%
Season 2 Terry Fator
36%
Season 15 Brandon Leake
33%
Season 1 Bianca Ryan
27%
Season 8 Kenichi Ebina
27%
Season 9 Mat Franco
27%
Season 7 Olate Dogs
27%
Season 3 Neal E. Boyd
21%
Season 6 Landau Eugene Murphy Jr
18%
Season 5 Michael Grimm
18%
Season 4 Kevin Skinner
15%
No matching quizzes found
Score Distribution
Percent of People with Each Score
Percentile by Number Answered
Your Score History
You have not taken this quiz